| 000 | 00687nam a2200205Ia 4500 | ||
|---|---|---|---|
| 001 | 16610 | ||
| 003 | GE_BSU | ||
| 008 | 181216s||||||||xx |||||||||||||| ||und|| | ||
| 040 | _cGE_BSU | ||
| 080 | _a821.353.1-32 | ||
| 100 | _aმჭედლიძე, ნანა | ||
| 245 | _aმხიარული მოთხრობები | ||
| 245 | _cრედ.ც.ქაროსანიძე. მხ.ზ.მეძმარიაშვილი. გ.გიგაური | ||
| 260 | _aთბილისი | ||
| 260 | _bმერანი | ||
| 260 | _c1981 | ||
| 300 | _a138გვ. ; 16სმ | ||
| 653 | _aმხიარული მოთხრობები | ||
| 942 | _cBK | ||
| 999 |
_c49677 _d49677 |
||